Normal view
MARC view
Entry Topical Term
001 - CONTROL NUMBER
- control field: 28113
003 - CONTROL NUMBER IDENTIFIER
- control field: ARRUPE
005 - DATE AND TIME OF LATEST TRANSACTION
- control field: 20161220082956.0
008 - FIXED-LENGTH DATA ELEMENTS
- fixed length control field: 161220|| aca||aabn | a|a d
040 ## - CATALOGING SOURCE
- Original cataloging agency: ARRUPE
- Transcribing agency: ARRUPE
150 ## - HEADING--TOPICAL TERM
- Topical term or geographic name as entry element: Bible O.T.
- General subdivision: Zachariah
- General subdivision: Commentaries
670 ## - SOURCE DATA FOUND
- Source citation: Work cat.: (ARRUPE)19329: Meyers, Carol L 28111, Zechariah 9-14